Top 300 Girls' Names (2011) Quiz Stats

 Plays Quiz Updated Dec 6, 2018

Support Sporcle.
Go Orange.
Score 0/300 Timer 20:00
13 Plays Today
Rank Name % Correct
38Anna
84%
131Sara
82.1%
3Emma
81.8%
112Mary
81.7%
6Emily
81.6%
11Elizabeth
81.6%
255Eliza
81%
39Sarah
80.8%
134Jennifer
79.5%
120Jessica
78%
25Hannah
76.1%
92Maria
75.2%
161Catherine
75.2%
4Olivia
75.1%
117Rachel
75.1%
61Katherine
75%
128Isabel
74.1%
175Kate
73.5%
273Laura
71.7%
57Julia
71.6%
62Lauren
70.9%
192Katie
70.5%
2Isabella
70.1%
42Ashley
69.8%
17Samantha
69.8%
1Sophia
69.7%
143Amy
69.7%
55Alexa
69.2%
23Victoria
68.9%
16Grace
68.4%
8Madison
68.3%
148Rebecca
67.9%
226Amanda
67.4%
271Christina
67.2%
291Rose
66.4%
51Sophie
66%
10Chloe
66%
15Lily
65.8%
5Ava
65.5%
76Alexandra
65.5%
7Abigail
65.1%
12Ella
64.9%
144Michelle
64.6%
40Allison
63.8%
116Nicole
63.8%
164Megan
63.4%
31Zoe
63%
216Angel
62.4%
87Caroline
62.3%
83Eva
62.1%
27Charlotte
61.8%
14Natalie
61.8%
146Stephanie
61.6%
184Melissa
61.5%
207Danielle
61.3%
60Bella
60.8%
26Alexis
60.7%
67Kimberly
59.1%
44Taylor
58.5%
114Isabelle
57.8%
187Margaret
57.7%
9Mia
57.5%
78Molly
57.3%
50Claire
57%
29Leah
56.6%
45Brianna
56.6%
72Lucy
56.5%
30Amelia
56.3%
170Jenna
56.2%
59Kayla
55.7%
238Ana
55.2%
81Andrea
55%
37Alyssa
54.6%
189Angela
54.5%
233Erin
54.4%
142Alice
53.9%
203Diana
53.8%
85Madeline
53.5%
74Jasmine
53.3%
196Jordan
53.2%
260Amber
53%
71Faith
52.9%
249Alison
52.8%
157Aria
52.4%
97Ellie
52.2%
19Sofia
52.1%
24Evelyn
51.8%
34Gabriella
51.8%
86Brooke
51.7%
32Hailey
51.6%
119Gabrielle
51.5%
13Addison
51.4%
118Vanessa
51.1%
22Lillian
51%
75Morgan
50.9%
259Alicia
50.8%
43Audrey
50.8%
296Abby
50.8%
58Kylie
50.7%
231Hope
50.6%
Rank Name % Correct
89Melanie
50.6%
28Zoey
50.4%
113Jade
49.5%
103Lilly
49.1%
104Angelina
48.6%
159Haley
47.9%
284Veronica
47.6%
205Alexandria
47.5%
100Kaitlyn
47.4%
237Kathryn
47.2%
47Riley
47.1%
137Nora
46.6%
151Clara
46.6%
21Brooklyn
46.4%
20Aubrey
46.4%
18Avery
46.3%
68Mackenzie
46%
200Jacqueline
45.7%
101Violet
45.3%
166Daisy
45.2%
64Maya
45%
107Paige
45%
52Arianna
45%
84Ariana
45%
41Savannah
44.9%
105Katelyn
44.8%
109Ruby
44.3%
158Valerie
44.3%
287Karen
44.2%
280Daniella
43.8%
222Chelsea
43.6%
234Briana
43.5%
36Kaylee
43.4%
251Carly
43.4%
88Bailey
43.1%
228Maggie
43.2%
91Destiny
43.1%
169Penelope
42.9%
150Eleanor
42.5%
111Annabelle
42.3%
49Khloe
42.2%
108Natalia
41.8%
257Marissa
41.5%
69Autumn
41.4%
221Jillian
41.3%
198Allie
41.2%
73Stella
40.5%
182Josephine
40.3%
33Layla
40%
65Sydney
39.6%
204Cora
39.5%
79Madelyn
39.4%
199Miranda
39.4%
53Peyton
39.2%
267Fiona
39%
154Vivian
38.8%
220Ariel
38.7%
254Kelsey
38.6%
252Juliet
38.6%
136Gracie
38.6%
173Summer
38.5%
163Lila
38.3%
135Mckenzie
38%
93Naomi
37.9%
179Julianna
37.9%
167Jada
37.7%
96Lydia
37.5%
56Makayla
37.5%
98Mariah
37.5%
132Adriana
37.3%
123Kendall
37.2%
160Elena
37.2%
35Nevaeh
36.8%
54Harper
36.8%
177Adrianna
36.7%
162Elise
36.6%
243Lola
36.4%
168Daniela
36.4%
70Jocelyn
36.3%
95Payton
36.1%
188Quinn
36.1%
201Melody
36.1%
186Alana
36.1%
266Ivy
35.9%
147Juliana
35.8%
277Sierra
35.7%
124Sadie
35.5%
256Josie
35.1%
299Gia
35.1%
165Gabriela
35%
106Mya
34.7%
236Esther
34.7%
275Alexia
34.3%
46Aaliyah
33.5%
245Leslie
33.5%
206Mikayla
33.4%
80Scarlett
33.3%
264Allyson
33.2%
293Kendra
33%
121Jordyn
32.8%
Rank Name % Correct
202Willow
32.1%
212Callie
32.2%
253Lexi
32%
77Trinity
31.7%
125Valeria
31.6%
63Gianna
31.6%
171Ashlyn
31.2%
225Sienna
31.1%
240Camille
31%
138Kylee
30.7%
90Kennedy
30.7%
102Rylee
30.6%
283Cassidy
30.5%
261Sabrina
30.5%
129Brooklynn
30.3%
263Norah
30.3%
292Jayden
29.9%
94London
29.8%
110Piper
29.7%
230Leila
29.2%
115Liliana
29.2%
172Delilah
29.2%
99Aubree
28.9%
247Kayleigh
28.9%
48Camila
28.7%
268Isla
28.5%
122Reagan
28.5%
218Shelby
28.5%
229Tessa
28.3%
139Makenzie
28.2%
285Kyla
28.1%
185Hayden
28%
140Izabella
28%
66Serenity
27.9%
133Aliyah
27.7%
289Jazmine
27.6%
127Lyla
27.6%
239Mckenna
27.3%
282Bianca
26.8%
211Hazel
26.6%
174Mila
26.5%
295Macy
26.3%
242Lucia
26.1%
288Adeline
26%
290Mallory
26%
176Keira
25.9%
250Haylee
25.9%
183Aurora
25.8%
126Brielle
25.7%
155Alaina
25.6%
145Skylar
25.4%
141Laila
25.1%
82Genesis
24.8%
149Jayla
24.4%
241Cecilia
24.2%
156Eliana
24.1%
297Dakota
24.1%
269Nadia
24.1%
246Ashlynn
24%
209Addyson
24%
195Paisley
23.9%
130Reese
23.8%
274Cheyenne
23.8%
181Eden
23.7%
191Alivia
23.7%
152Giselle
23.5%
232Genevieve
23.4%
278Luna
23.1%
193Ryleigh
23%
300Adelyn
23%
279Cadence
22.9%
219Makenna
22.9%
190Brynn
22.8%
258Marley
22.6%
298Mariana
22.4%
153Valentina
22.3%
286Evangeline
22.2%
224Harmony
22.1%
178Hadley
22.1%
180Maci
22.1%
276Emerson
21.7%
270Kyleigh
21.6%
265Alina
21.4%
208Londyn
20.8%
213Teagan
20.3%
214Adalyn
20.2%
272Emery
20%
210Amaya
19.8%
223Alayna
19.8%
235Delaney
19.4%
294Camryn
19%
281Fatima
18.6%
227Presley
18.4%
215Ximena
18.2%
262Kaydence
17.9%
217Kinsley
17.7%
244Leilani
17.2%
194Kinley
16.8%
197Aniyah
16.7%
248Alondra
15.3%

From the Vault

5-Star Movie Villains III

by ddd62291

Movies 8m
They may have nice sounding names, but trust us, these guys are anything but friendly.
Remove Ads.
Support Sporcle.
Get the best of Sporcle when you Go Orange. This ad-free experience offers more features, more stats, and more fun while also helping to support Sporcle. Thank you for becoming a member.

Show Comments

Extras

Top Quizzes Today


Score Distribution

Your Account Isn't Verified!

In order to create a playlist on Sporcle, you need to verify the email address you used during registration. Go to your Sporcle Settings to finish the process.

Report this User

Report this user for behavior that violates our Community Guidelines.

Details: